Οι βάσεις της ψυχολογίας : ατομική ψυχολογία - μπεχαβιορισμός - ψυχανάλυση και μαρξισμός
Αποθηκεύτηκε σε:
| Κύριος συγγραφέας: | |
|---|---|
| Μορφή: | Βιβλίο |
| Γλώσσα: | Greek French |
| Δημοσίευση: |
Αθήνα :
Αναγνωστίδης,
[χ.χ.]
|
| Θέματα: | |
| Ετικέτες: |
Προσθήκη ετικέτας
Δεν υπάρχουν, Καταχωρήστε ετικέτα πρώτοι!
|
MARC
| LEADER | 00000cam a2200000 i 4500 | ||
|---|---|---|---|
| 001 | 1/82889 | ||
| 008 | 960621q19501987gr | ||| |||| ||gre|| | ||
| 035 | |a 1987 |c Αγορά |l 10034058 | ||
| 040 | |a GR-MY-UA |b gre |e aacr | ||
| 041 | 1 | |a gre |h fre | |
| 082 | 7 | |a 150.19 |2 (22) | |
| 100 | 1 | |a Politzer, Georges |d 1903-1942. | |
| 245 | 1 | 3 | |a Οι βάσεις της ψυχολογίας : |b ατομική ψυχολογία - μπεχαβιορισμός - ψυχανάλυση και μαρξισμός / |c Georges Politzer ; [μετάφραση Γρηγ. Λιώνη]. |
| 260 | |a Αθήνα : |b Αναγνωστίδης, |c [χ.χ.] | ||
| 300 | |a 282 σ. ; |c 21 εκ. | ||
| 504 | |a Περιέχει βιβλιογραφία στο τέλος της κάθε σελίδας. | ||
| 650 | 0 | 0 | |a Behaviorism (Psychology) |
| 650 | 0 | 0 | |a Psychoanalysis. |
| 650 | 0 | 0 | |a Philosophy, Μarxist. |
| 650 | 0 | 0 | |a Psychology. |
| 852 | |a INST |b RHODES |e 19960621 |h 150.19 POL |p 005400004808 |q 005400004808 |t BK |y 0 | ||
| 909 | |a Ρ |b 006819 | ||
| 970 | |z 1996/06 | ||